| 000 | 00792nmm a2200277 a 4500 | ||
|---|---|---|---|
| 003 | AR-BaBNM | ||
| 005 | 20251128210552.0 | ||
| 008 | 220020s1995 ||||||||||||||000 | spa|| | ||
| 020 | _a0-17-555695-4 | ||
| 040 | _cAR-BaBNM | ||
| 100 | 1 | _aHadfield, Jill | |
| 245 | 1 | 0 |
_aElementary communication games _ba collection of games and activities for elementary students of english |
| 250 | _a1ยช ed. | ||
| 260 |
_aLondon _bNelson _c1995 |
||
| 300 | 0 |
_a20 p. _bil., tablas |
|
| 500 | 0 | _aContiene material recortable | |
| 650 | 4 | _aENSENANZA DE IDIOMAS | |
| 650 | 4 | _aINGLES | |
| 650 | 4 | _aJUEGOS EDUCATIVOS | |
| 650 | 4 | _aMATERIAL DIDACTICO | |
| 650 | 4 | _aMETODOS DE ENSENANZA | |
| 650 | 4 | _aTECNICAS DIDACTICAS | |
| 650 | 4 | _aACTIVIDADES DE APRENDIZAJE | |
| 942 | _cBK | ||
| 998 | _cRaquel | ||
| 999 |
_c15980 _d15980 |
||